00573 2200217 4500001002100000005001500021035002000036007000300056008004100059082001200100084001800112100002000130245004600150260002900196300002500225650001400250650002000264700001800284856002900302990002400331INLIS00000000000849720260619112712 a0010-0626000066ta260619 0 ind  a631.147 a631.147 GUN i0 aGUNTORO, Suprio1 aIntegrasi Tanaman Industri Dengan Kambing aBali :bBPTP Bali,c2004 a30p :bIlus ;c19 cm 4aIntegrasi 4aTanaman_Kambing0 aMade Rai Yasa aPerpustakaan BBRMP JATIM a648/2026/BBRMPJATIM